Представление документа в формате MARC21

Поле Инд. ПП Название Значение
Тип записи a
Библиографический уровень m
001 Контрольный номер RU/IS/BASE/130935254
005 Дата корректировки 20221129093746.0
040 b Код языка каталог. rus
041 0_ a Код языка текста rus
080 00 a Индекс УДК 004.42
084 a Индекс другой классификации/Индекс ББК 32.973
090 00 a Полочн. индекс 681.3
x Авторский знак Б26
097 b Оператор 12
100 10 a Автор Барфилд Э.
245 00 a Заглавие Программирование "клиент-сервер" в локальных вычислительных сетях
c Ответственность пер. с англ.
260 00 a Место издания М.
b Издательство Филин
c Дата издания 1997
300 00 a Объем 424 с.
510 0_ a Примечание о ссылках Книги и методические пособия
650 04 a Основная рубрика 50.39 Вычислительные сети (ВС)
x Основная подрубрика 50.39.27 Локальные сети
653 00 a Ключевые слова Windows; C; C++; локальные сети; языки программирования
700 10 a Другие авторы Уолтерс Б.
901 t Тип документа m